| 000 | 00000nam 2200000za 4500 |
| 001 | 9.637239 |
| 003 | CaOODSP |
| 005 | 20210624221118 |
| 007 | cr ||||||||||| |
| 008 | 150407|2008||||xxc|||||o f|0| 0 fre d |
| 040 | |aCaOODSP|bfre |
| 043 | |an-cn--- |
| 086 | 1 |aEn1-38/1-2008F-PDF |
| 110 | 1 |aCanada. |bEnvironnement Canada. |
| 245 | 13|aLa $ource verte : |h[ressource électronique]|bun répertoire de sources de financement en environnement à l'intention des organismes sans but lucratif dans la région de l'Atlantique |
| 246 | 1 |iTitre de renvoi : |aLa source verte : un répertoire de sources de financement en environnement à l’intention des organismes sans but lucratif dans la région de l’Atlantique |
| 260 | |bEnvironnement Canada |cAvril 2008. |
| 300 | |a103p. |
| 500 | |aLe nº de catalogue (En1-38/1-2008F) et l'ISBN (978-0-662-07725-1) de l'édition imprimée ont été incorrectement copiés dans cette édition électronique. |
| 590 | |a10-04|b2010-01-29 |
| 775 | 08|tThe green $ource : |w(CaOODSP)9.693036 |
| 795 | |tLa $ource verte : |w(CaOODSP)9.630534 |
| 856 | 40|ahttp://publications.gc.ca|qPDF|s382 Ko|uhttps://publications.gc.ca/collections/collection_2010/ec/En1-38-1-2008-fra.pdf |